000 00311nam a22001457a 4500
008 230529b ||||| |||| 00| 0 eng d
020 _a9782253087304
041 _aeng
080 _a82
082 _a82VAL
100 _a38
101 _aGJL
245 _aMEME DANS LES ORTIES
_cVALOGNES A
942 _2udc
_cBK
999 _c59861
_d59861